Statistics for Largest U.S. Cities Beginning With D - 1950

Click here to take the quiz!

General Stats

  • This quiz has been taken 47 times
  • The average score is 13 of 20

Answer Stats

Pop.StateHintAnswer% Correct
415,786Colorado"Mile High City"Denver
100%
1,849,568MichiganCenter of the Auto IndustryDetroit
100%
434,462TexasSite of JFK's assassinationDallas
95%
177,965IowaState CapitalDes Moines
95%
243,872OhioBirthplace of the Wright Bros.Dayton
93%
71,311North CarolinaDuke UniversityDurham
88%
30,187FloridaFamous NASCAR raceDaytona Beach
85%
104,511MinnesotaPort city on Lake SuperiorDuluth
80%
94,994MichiganHeadquarters of Ford Motor CompanyDearborn
78%
74,549IowaOne of the Quad CitiesDavenport
70%
21,372TexasUniversity of North TexasDenton
60%
49,671IowaOn the Mississippi RiverDubuque
60%
30,337ConnecticutHatsDanbury
48%
21,635GeorgiaAtlanta suburbDecatur
48%
66,269IllinoisCentral IllinoisDecatur
48%
35,066VirginiaSeat of the Confederacy after the fall of RichmondDanville
45%
37,864IllinoisEastern IllinoisDanville
45%
21,584AlabamaPeanutsDothan
40%
20,235MichiganDetroit suburbDearborn Heights
30%
20,305PennsylvaniaScranton suburbDunmore
10%

Score Distribution

Percentile by Number Answered

Percent of People with Each Score

Your Score History

You have not taken this quiz